Kvalita '89 9. konferencia so zahraničnou účasťou. Problematika inžinierstva kvality produkcie

Gespeichert in:
Bibliographische Detailangaben
Format: Buch
Sprache:Slowakisch
Veröffentlicht: Bratislava Dom techn. ČSVTS 1989
Ausgabe:1. vyd.
Tags: Tag hinzufügen
Keine Tags, Fügen Sie das erste Tag hinzu!

MARC

LEADER 00000nam a2200000 4500
001 c030374
005 20250507080648.3
041 0 |a slo 
044 |a SK 
245 1 0 |a Kvalita '89  |b 9. konferencia so zahraničnou účasťou. Problematika inžinierstva kvality produkcie 
250 |a 1. vyd. 
264 1 |a Bratislava  |b Dom techn. ČSVTS  |c 1989 
300 |a 76 s.